MARC

LEADER 00000nam0a2200000 4500
001 334139
005 20231102004627.0
010 |a 5520002711 
035 |a (RuTPU)RU\TPU\book\360159 
035 |a RU\TPU\book\360158 
090 |a 334139 
100 |a 20170711d1980 k y0rusy50 ca 
101 0 |a rus 
102 |a GE 
105 |a a z 001zy 
200 1 |a Семейство Pulchelliidae H. Douville (из нижнемеловых отложений Юга СССР)  |f Э. В. Котетишвили  |g Академия наук Грузинской ССР (АН ГрузССР) 
210 |a Тбилиси  |c Мецниереба  |d 1980 
215 |a 110 с.  |c ил. 
225 1 |a Труды Геологического института АН ГрузССР. Новая серия  |h Вып. 67 
320 |a Библиогр.: с. 86-91 
606 1 |a Моллюски двустворчатые, ископаемые  |2 stltpush  |3 (RuTPU)RU\TPU\subj\66869  |9 82878 
610 1 |a палеонтология 
610 1 |a палеонтология 
610 1 |a палеонтолого-стратиграфические исследования 
610 1 |a аммониты 
610 1 |a нижний мел 
610 1 |a семейства 
610 1 |a изученность 
610 1 |a систематика 
610 1 |a распространение 
610 1 |a описание 
675 |a 564.1  |v 3 
700 1 |a Котетишвили  |b Э. В. 
712 0 2 |a Академия наук Грузинской ССР (АН ГрузССР)  |2 stltpush  |3 (RuTPU)RU\TPU\col\6041 
801 1 |a RU  |b 63413507  |c 20070730  |g PSBO 
801 2 |a RU  |b 63413507  |c 20180613  |g PSBO 
942 |c BK